Catálogo

POEMAS PARA ESPERARLO (Registro nro. 33396)

Detalles MARC
000 -LEADER
fixed length control field 00506nam a2200193 a 4500
001 - CONTROL NUMBER
control field 33396
005 - DATE AND TIME OF LATEST TRANSACTION
control field 20180714001312.0
008 - FIXED-LENGTH DATA ELEMENTS--GENERAL INFORMATION
fixed length control field 140415s1995 ag 000 0 spa d
020 ## - INTERNATIONAL STANDARD BOOK NUMBER
International Standard Book Number 9504367275
041 ## - LANGUAGE CODE
Language code of text/sound track or separate title spa
082 ## - DEWEY DECIMAL CLASSIFICATION NUMBER
Classification number 808.815
Item number DAN
100 1# - MAIN ENTRY--PERSONAL NAME
Personal name DANDRETA, JUAN CARLOS
245 10 - TITLE STATEMENT
Title POEMAS PARA ESPERARLO
250 ## - EDITION STATEMENT
Edition statement 1a ed.
260 ## - PUBLICATION, DISTRIBUTION, ETC.
Place of publication, distribution, etc. ARGENTINA :
Name of publisher, distributor, etc. ALTEA,
Date of publication, distribution, etc. 1995
300 ## - PHYSICAL DESCRIPTION
Extent 75
650 14 - SUBJECT ADDED ENTRY--TOPICAL TERM
Topical term or geographic name entry element POESIA RELIGIOSA
General subdivision RELIGION
-- POESIA
700 1# - ADDED ENTRY--PERSONAL NAME
Personal name CASIELLO, BEATRIZ
Relator term pról.
Existencias
Withdrawn status Lost status Source of classification or shelving scheme Damaged status Not for loan Collection code Home library Current library Shelving location Date acquired Source of acquisition Inventory number Total Checkouts Full call number Barcode Date last seen Price effective from Koha item type
    Dewey Decimal Classification     General Biblioteca Karol Wojtyla Biblioteca Karol Wojtyla Sala general 03/12/2013 Compra 151000000000000000032133   808.815 DAN 50923 05/01/2026 03/12/2013 Libro